000 00409 a2200145 4500
020 _a1874041253
082 _a954.9142
090 _c7182
_d7182
100 _aAmin, Mohamed
245 _aPakistan from Mountains to Sea
_cAmin, Mohamed
260 _aNairobi, Kenya
_bCamerapix Publishers International
_c1994
300 _a256
_b;ill.
_c32 cm.
650 _ai. Pakistan-Pictorial Works
942 _cBK
_k954.9142 AMI
999 _c10985
_d10985